000 nam a22 1a 4500
999 _c1687
_d1687
005 20170511124238.0
008 170511b M ||||| |||| 00| 0 eng d
040 _aAKMAL
082 _a331.25209595 SKI
090 _a331.25209595
_bSKI
245 _aSKIM PENCEN SEKTOR AWAM
_bKEBANGGAN PESARA KERAJAAN MALAYSIA
260 _aMALAYSIA
_bJABATAN PERKHIDMATAN AWAM MALAYSIA
300 _c20 cm
942 _2ddc
_cBOOK